Opening doors (Record no. 74380)
[ view plain ]
| 000 -LEADER | |
|---|---|
| fixed length control field | 02261cam a2200277 4500 |
| 001 - CONTROL NUMBER | |
| control field | X126039 |
| 008 - FIXED-LENGTH DATA ELEMENTS--GENERAL INFORMATION | |
| fixed length control field | 040428n2004 000 0 eng u |
| 035 ## - SYSTEM CONTROL NUMBER | |
| System control number | (Sirsi) u126039 |
| 100 ## - MAIN ENTRY--PERSONAL NAME | |
| Personal name | Paxton-Doggett, K. |
| 245 ## - TITLE STATEMENT | |
| Title | Opening doors |
| 260 ## - PUBLICATION, DISTRIBUTION, ETC. | |
| Date of publication, distribution, etc. | 2004 |
| 490 ## - SERIES STATEMENT | |
| Series statement | Chartered Secretary |
| Volume/sequential designation | April 2004, 28-30(3) |
| 520 ## - SUMMARY, ETC. | |
| Summary, etc. | Discusses how access for disabled people under the Disability Discrimination Act 1995 (DDA) should be taken into consideration when designing or updating an existing website. Defines what is meant by accessibility. Explains how good website design can address the problems of access for a range of disabilities such as ensuring alternative methods of navigation. The World Wide Web Consortium (W3C), an international consortium with over 400 members hosts the Web Accessibility Initiative which includes a series of guidelines which are regarded as providing a minimum standard to ensure compliance with the legal obligation under the DDA. Comments on the findings of the Nomensa FTSE 100 Accessibility Report (available at www.nomensa.com) and the Business2www survey (available at www.business2www.com ). The Royal National Institute for the Blind (www.rnib.org.uk) supports the campaign for good website design and has stated that it would back any disabled person wishing to make a claim under the DDA in connection with accessible websites. Refers to Australian test case "Maguire v Sydney Organising Committee for the Olympic Games" (H99/115, 18 November 2000). View decision at www.hreoc.gov.au. |
| 650 ## - SUBJECT ADDED ENTRY--TOPICAL TERM | |
| Topical term or geographic name entry element | AUSTRALIA |
| 650 ## - SUBJECT ADDED ENTRY--TOPICAL TERM | |
| Topical term or geographic name entry element | DISABILITY DISCRIMINATION ACT 1992 |
| 650 ## - SUBJECT ADDED ENTRY--TOPICAL TERM | |
| Topical term or geographic name entry element | DISABILITY DISCRIMINATION ACT 1995 |
| 650 ## - SUBJECT ADDED ENTRY--TOPICAL TERM | |
| Topical term or geographic name entry element | INTERNET |
| 650 ## - SUBJECT ADDED ENTRY--TOPICAL TERM | |
| Topical term or geographic name entry element | MANAGEMENT-BUSINESS MANAGEMENT-DISCRIMINATION-DISABILITY DISCRIMINATION-ACCESSIBILITY |
| 650 ## - SUBJECT ADDED ENTRY--TOPICAL TERM | |
| Topical term or geographic name entry element | WEBSITE DESIGN |
| 650 ## - SUBJECT ADDED ENTRY--TOPICAL TERM | |
| Topical term or geographic name entry element | EQUAL OPPORTUNITIES |
| 650 ## - SUBJECT ADDED ENTRY--TOPICAL TERM | |
| Topical term or geographic name entry element | MANAGEMENT-BUSINESS MANAGEMENT-DISCRIMINATION-DISABILITY DISCRIMINATION-ACCESSIBILITY |
| 650 ## - SUBJECT ADDED ENTRY--TOPICAL TERM | |
| Topical term or geographic name entry element | MAGUIRE V SYDNEY OLYMPIC GAMES ORGANISATION COMMITTEE |
| 690 ## - LOCAL SUBJECT ADDED ENTRY--TOPICAL TERM (OCLC, RLIN) | |
| Topical term or geographic name as entry element | INFORMATION TECHNOLOGY-INTERNET |
| 856 ## - ELECTRONIC LOCATION AND ACCESS | |
| Uniform Resource Identifier | <a href="https://www.humanrights.gov.au/disability_rights/decisions/comdec/1999/DD000150.htm">https://www.humanrights.gov.au/disability_rights/decisions/comdec/1999/DD000150.htm</a> |
| Public note | View the decision on the Human Rights and Disability Commission website... |
| 942 ## - ADDED ENTRY ELEMENTS (KOHA) | |
| Suppress in OPAC | 0 |
| Withdrawn status | Lost status | Source of classification or shelving scheme | Damaged status | Not for loan | Home library | Current library | Shelving location | Date acquired | Total Checkouts | Full call number | Barcode | Date last seen | Copy number | Price effective from | Koha item type |
|---|---|---|---|---|---|---|---|---|---|---|---|---|---|---|---|
| Dewey Decimal Classification | London | London | Journal article | 28/04/2004 | X126039 | 126039-1001 | 06/08/2019 | 1 | 06/08/2019 | Journal article |